000 00642nam a22002057a 4500
999 _c12782
_d12782
003 AR-CdUCM
008 190410b ||||| |||| 00| 0 spa d
040 _aMUNICIPALIDAD PROVINCIAL DEL CUSCO
_cBIBLIOTECA MUNICIPAL DEL CUSCO
082 _a194 /
_bR33
100 _aRecles, Eliseo
_930841
245 _aEvolución y Revolución /
260 _aLima :
_bThesis.
300 _a192 páginas ;
_c12 cm.
440 _aColección Filosófica de Bolsillo.
_n2
_930842
505 _aContenido: Evolución y Revolución.
650 _aFilosofía Fracnesa
_930843
650 _aHumanidad
_94969
942 _2ddc
_cLIBROS
945 _aachl
_d2019-04-10